[Event "23rd Pirc Memorial GM 2020"]
[Site "Maribor"]
[Date "2020.08.11"]
[Round "1.1"]
[White "Bratkovic, Sham"]
[Black "Mohr, Georg"]
[Result "1/2-1/2"]
[WhiteElo "2236"]
[BlackElo "2434"]
[Annotator "TA"]
[PlyCount "28"]
[EventDate "2020.08.10"]
[EventType "tourn"]
[EventCountry "SLO"]
[SourceTitle "playchess.com"]
[Source "ChessBase"]
[SourceQuality "1"]

{[%evp 15,28,36,41,27,41,12,10,12,8,2,20,20,20,20,15]} 1. e4 d6 2. d4 Nf6 3. Nc3 e5 4. Nf3 exd4 5. Nxd4 Be7 6. Be2 O-O 7. O-O Nc6 8. Nxc6 bxc6 9. Bf4 {C41: Philidor Defence.} Be6 10. e5 Nd5 {The position is equal.} 11. Nxd5 cxd5 {[#]} 12. Bg4 $146 ({Predecessor:} 12. exd6 Bxd6 13. Qd2 c5 14. Bf3 Rb8 15. Bxd6 Qxd6 16. c3 Rfd8 17. Rfd1 {½-½ (18) Arias,L (2253)-Urbina,R (2290) Alajuela 2006}) 12... Bxg4 13. Qxg4 {Black must now prevent Bh6!} dxe5 14. Bxe5 {[%csl Ge5][%cal Rg4g7] [#]} Bf6 {White took control after the opening.} 1/2-1/2

[Event "23rd Pirc Memorial GM 2020"]
[Site "Maribor"]
[Date "2020.08.11"]
[Round "1.3"]
[White "Kozul, Zdenko"]
[Black "Subelj, Jan"]
[Result "1-0"]
[WhiteElo "2597"]
[BlackElo "2408"]
[Annotator "TA"]
[PlyCount "107"]
[EventDate "2020.08.10"]
[EventType "tourn"]
[EventCountry "SLO"]
[SourceTitle "playchess.com"]
[Source "ChessBase"]
[SourceQuality "1"]

{[%evp 12,107,33,2,8,-3,2,-14,32,-26,-33,-38,0,-36,0,-26,0,-104,-107,-87,-87,-99,-94,-97,-97,-87,-58,-66,-65,-50,0,0,0,0,0,-5,-8,-11,0,0,0,0,7,0,0,0,0,0,0,0,0,0,0,0,0,0,8,8,8,8,135,135,148,148,478,431,523,519,514,8,8,12,51,51,59,59,74,77,3195,2681,29968,29970,29976,29977,29977,29978,29979,29980,29982,29983,29983,29984,29985,29986,29986,29987,29987,29988]} 1. Nf3 Nf6 2. g3 b5 3. Bg2 Bb7 4. O-O e6 5. d3 Be7 6. e4 d6 7. c3 c5 {A05: Réti Opening: 1 Nf3 Nf6.} 8. Qb3 a6 9. a4 {[#]} Nbd7 $146 {The position is equal.} ({Predecessor:} 9... c4 10. dxc4 Bxe4 11. axb5 Nbd7 12. bxa6 O-O 13. Be3 Ng4 14. Re1 Nxe3 15. Rxe3 f5 {1-0 (35) Michalska,M (2047)-Bursa,R (2031) Chojnice 2009}) 10. Bf4 (10. axb5 $14 axb5 11. Rxa8 Qxa8 12. Qxb5) 10... c4 $11 11. dxc4 Bxe4 (11... Nc5 $5 {[%cal Rc5b3]} 12. Qa2 bxc4 $11) 12. Nbd2 Nc5 13. Qa2 $1 Bb7 14. Nd4 (14. a5 $11 {remains equal.}) 14... Bxg2 $17 15. Kxg2 bxa4 16. b4 axb3 $1 17. N2xb3 Nxb3 18. Qxb3 Qd7 19. Qb6 e5 {[%mdl 64] Double Attack} 20. Nc6 Bd8 21. Nxd8 Qxd8 22. Qc6+ $1 Ke7 $1 23. Bg5 Qd7 24. Qe4 h6 25. Bxf6+ $1 gxf6 26. Rfb1 {Black must now prevent Rb7.} Rhb8 27. Rxb8 Rxb8 28. Rxa6 Qb7 29. Qxb7+ Rxb7 $11 {[%mdl 4096] Endgame KR-KR} 30. c5 dxc5 31. Rc6 Rb5 32. g4 Ra5 33. h3 Kf8 34. Rxf6 Ra3 35. Rxh6 {With the idea Rh5.} Kg7 (35... Rxc3 $11 36. h4 Rc4) 36. Rh5 $1 $16 f6 {[#]} 37. f4 $1 {[%mdl 512]} exf4 $2 {[%mdl 8192]} (37... Rxc3 $16 {is a better chance.} 38. fxe5 c4) 38. Rxc5 $18 Ra2+ 39. Kf3 Rh2 {[#]} 40. Kxf4 $2 (40. h4 $1 $18 {And now c4 would win.} Rh1 41. Kxf4) 40... Rxh3 $11 41. c4 Rc3 42. Ke4 Rg3 43. Kf5 {Threatens to win with Rc7+.} Rf3+ $1 44. Ke6 {Rf5 is the strong threat.} Rg3 $2 {[%mdl 8192]} (44... Re3+ $16 45. Kd6 Re4) 45. Rd5 $18 Rxg4 {[#]} 46. c5 $1 {[%cal Rc5c6] White mates.} Rc4 47. Kd7 Kg6 48. c6 f5 49. c7 Kg5 50. Kd6 Rxc7 51. Kxc7 Kg4 52. Kd6 f4 53. Ke5 f3 54. Ke4 {Accuracy: White = 84%, Black = 60%.} 1-0

[Event "23rd Pirc Memorial GM 2020"]
[Site "Maribor"]
[Date "2020.08.11"]
[Round "1.4"]
[White "Marn, Jan"]
[Black "Schwabeneder, Florian"]
[Result "0-1"]
[WhiteElo "2360"]
[BlackElo "2431"]
[Annotator "TA"]
[PlyCount "75"]
[EventDate "2020.08.10"]
[EventType "tourn"]
[EventCountry "SLO"]
[SourceTitle "playchess.com"]
[Source "ChessBase"]
[SourceQuality "1"]

{[%evp 13,75,1,-8,-7,6,14,8,0,0,0,4,0,0,0,0,7,19,4,7,8,8,1,35,0,0,-10,-11,-33,-25,-48,-41,-120,-89,-127,-122,-150,-166,-172,-171,-215,-208,-200,-209,-207,-196,-194,-209,-185,-183,-212,-172,-177,-163,-181,-172,-272,-151,-422,-403,-412,-414,-429,-419,-901]} 1. d4 Nf6 2. c4 e6 3. Nc3 Bb4 4. Bd2 d5 5. e3 O-O 6. Nf3 b6 7. cxd5 exd5 8. Bd3 {E51: Nimzo-Indian: Rubinstein: 4...0-0 5 Nf3 d5.} Ba6 9. Bxa6 Nxa6 10. Qa4 {The position is equal.} Qc8 11. O-O Qb7 12. Rfc1 {[#]} c6 $146 ({Predecessor:} 12... c5 13. Nb5 Bxd2 14. Nxd2 Rfd8 15. Rc3 Ne4 16. Nxe4 dxe4 17. a3 cxd4 18. exd4 Rd5 {½-½ (59) Ipatov,A (2614)-Johannessen,L (2528) Tromsoe 2014}) 13. a3 Bd6 14. b4 b5 15. Qb3 Nb8 16. a4 a6 17. a5 Qe7 18. Nd1 Ne4 19. Be1 Bc7 20. Nd2 Nd6 21. f3 Nc4 22. Nxc4 (22. Nf1 $15) 22... bxc4 23. Qc2 {[#]} f5 $1 24. e4 fxe4 25. fxe4 Bf4 ({Weaker is} 25... Qxe4 26. Qxe4 dxe4 27. Rxc4 $14) 26. Bd2 Bxd2 27. Qxd2 Qxe4 $40 {[%mdl 128] Black attacks with force.} 28. Nf2 Qf4 29. Qxf4 Rxf4 30. Re1 Nd7 ({Worse is} 30... Rxd4 31. Re8+ Kf7 32. Rae1 $11) 31. Re7 Rd8 32. Nh3 Rxd4 33. Ng5 {[#]} Nf8 $1 34. Rf1 (34. Rc7 $142) 34... h6 (34... Rg4 $19 35. Nf3 c3) 35. Ne6 $2 {This move loses the game for White.} (35. Nf3 $17 {was the only chance.} Re4 36. Rxe4 dxe4 37. Ne5) 35... Nxe6 $19 36. Rxe6 Rc8 37. Rf3 Rd2 {Threatens to win with ...d4.} 38. Re7 {Accuracy: White = 58%, Black = 79%.} (38. Rc3 $142) 0-1

[Event "23rd Pirc Memorial GM 2020"]
[Site "Maribor"]
[Date "2020.08.11"]
[Round "1.5"]
[White "Morgunov, Marc"]
[Black "Markoja, Boris"]
[Result "1/2-1/2"]
[WhiteElo "2341"]
[BlackElo "2440"]
[Annotator "TA"]
[PlyCount "40"]
[EventDate "2020.08.10"]
[EventType "tourn"]
[EventCountry "SLO"]
[SourceTitle "playchess.com"]
[Source "ChessBase"]
[SourceQuality "1"]

{[%evp 14,40,-2,0,22,-4,7,24,41,20,14,5,10,7,2,7,0,0,0,0,0,0,-2,-5,14,14,14,14,22]} 1. e4 e5 2. Nf3 Nc6 3. Nc3 Nf6 4. d4 exd4 5. Nxd4 Bb4 6. Nxc6 bxc6 7. Bd3 d5 8. exd5 {With the idea Qe2+.} O-O {C47: Scotch Four Knights and Four Knights with 4 g3.} 9. O-O Bg4 10. f3 Bh5 {White has an edge.} 11. dxc6 Qd4+ {The position is equal.} 12. Kh1 {[#] Bxh7+! is the strong threat.} Bxc3 13. bxc3 Qxc3 14. Rb1 Bg6 15. Bxg6 hxg6 16. Qd3 Qxc6 17. Rd1 Rfe8 {[#]} 18. Be3 $146 ({Predecessor:} 18. Bb2 Re6 19. Bxf6 gxf6 20. h3 Rae8 21. c4 Re2 22. Rb8 Rxa2 23. Rxe8+ Qxe8 24. Qd8 Qxd8 25. Rxd8+ {½-½ (25) Vivekananthan,A (2294)-Ramer,S (2200) Las Vegas 2018}) 18... Nd5 19. Qxd5 Qxd5 20. Rxd5 {[#] aiming for Rb3.} Rxe3 {Not much happened in this game. Accuracy: White = 100%, Black = 100%.} 1/2-1/2

[Event "23rd Pirc Memorial GM 2020"]
[Site "Maribor"]
[Date "2020.08.11"]
[Round "2.1"]
[White "Mohr, Georg"]
[Black "Markoja, Boris"]
[Result "0-1"]
[WhiteElo "2434"]
[BlackElo "2440"]
[Annotator "TA"]
[PlyCount "112"]
[EventDate "2020.08.10"]
[EventType "tourn"]
[EventCountry "SLO"]
[SourceTitle "playchess.com"]
[Source "ChessBase"]
[SourceQuality "1"]

{[%evp 9,112,-2,-4,-1,17,0,0,-5,0,0,0,4,0,-2,-12,-11,8,0,10,0,18,-8,0,-7,-9,-29,-7,-24,-25,-40,-27,-22,0,-21,-17,-43,-48,-144,-145,-145,-137,-146,-153,-154,-141,-140,-126,-136,-133,-149,-150,-155,-111,-180,-145,-210,-216,-212,-152,-140,-51,-52,-52,-52,-52,-52,-52,-72,-74,-73,-52,-72,-42,-57,-60,-60,-30,-31,-18,-18,-29,-103,-103,-175,-175,-175,-174,-174,-174,-212,-143,-143,-143,-143,-81,-81,-81,-29968,-29969,-29969,-29970,-29970,-29971,-29971,-29971]} 1. d4 Nf6 2. Nf3 b6 3. Bg5 Bb7 4. Nbd2 g6 5. Bxf6 exf6 6. e4 {A47: 1 d4 Nf6 2 Nf3 b6: Torre, London and Colle Systems.} Bh6 7. Bd3 O-O 8. O-O {[#] The position is equal.} c6 $146 ({Predecessor:} 8... d5 9. Re1 Nd7 10. exd5 Bxd5 11. c4 Bb7 12. Be4 c6 13. b4 f5 14. Bc2 c5 15. bxc5 bxc5 {0-1 (47) Horvath,P (2418)-Almasi,Z (2687) Ajka 2019}) 9. Re1 d5 10. exd5 cxd5 11. Qe2 Nc6 12. c3 a5 13. Nf1 Qd7 (13... Re8 $5 {[%cal Re8e2]} 14. Qc2 Re6 $11) 14. Qc2 Rfc8 15. a3 Na7 16. Re2 b5 17. Qb3 Bf8 18. Ne3 Bc6 19. Rae1 Rd8 20. h3 b4 21. axb4 (21. Ng4 $5 {[%cal Rg4f6]} Qd6 22. axb4 $11) 21... axb4 22. cxb4 Ba4 23. Qa2 (23. Qc3 $1 $15) 23... Nc6 $1 $17 {[%cal Ba7c6,Bc6b4,Bb4c2][%mdl 32]} 24. Qb1 Nxb4 ({Much less strong is} 24... Bxb4 25. Rf1 $15) 25. Bc2 Bb5 26. Rd2 Nxc2 27. Nxc2 Rab8 28. Rdd1 Rb6 29. Re3 Ba4 30. b3 Rdb8 {Threatens to win with ...Bh6.} 31. Na1 (31. Nd2 $17) 31... Qb7 32. Rdd3 (32. Qb2 $17) 32... Bh6 $19 33. Re1 Kg7 34. Rc3 Bxb3 (34... Bd7 $17 35. Re7 Bf4) 35. Rxb3 Rxb3 36. Nxb3 Qxb3 37. Qxb3 Rxb3 $17 {[%mdl 4096] Endgame KRB-KRN} 38. Ra1 Bf4 39. Kf1 Rb5 40. g4 Kf8 (40... Rb3 $5 {[%cal Rb3f3]} 41. Ke2 Rb2+ 42. Kf1 Bc7 $17) 41. Ng1 Bc7 42. Ne2 Rb3 43. Kg2 Ke7 44. Ra8 Rb8 45. Rxb8 (45. Ra6 $11 {remains equal.}) 45... Bxb8 $11 {KB-KN} 46. f4 (46. Nc3 $17 {was called for.}) 46... Ke6 $1 $19 47. Kf3 f5 48. Ng3 {[#]} fxg4+ $1 49. hxg4 Kd6 50. f5 Kc6 {And now ...Bxg3 would win.} 51. fxg6 hxg6 ({Black should try} 51... fxg6 {...Bxg3 is the strong threat.} 52. Nf1 Bc7) 52. Nf1 $17 Bc7 53. Ke3 $2 {[%mdl 8192] [#] Loses the game.} (53. Ne3 $17) 53... g5 $1 {Black mates.} 54. Kd3 Bf4 55. Kc3 Kb5 56. Kb3 f6 {Accuracy: White = 74%, Black = 80%.} 0-1

[Event "23rd Pirc Memorial GM 2020"]
[Site "Maribor"]
[Date "2020.08.11"]
[Round "2.2"]
[White "Schwabeneder, Florian"]
[Black "Morgunov, Marc"]
[Result "0-1"]
[WhiteElo "2431"]
[BlackElo "2341"]
[Annotator "ChessBase"]
[PlyCount "82"]
[EventDate "2020.08.10"]
[EventType "tourn"]
[EventCountry "SLO"]
[SourceTitle "playchess.com"]
[Source "ChessBase"]
[SourceQuality "1"]
[TimeControl "40/5400+30:1800+30"]

1. e4 {[%emt 0:00:00]} c5 {[%emt 0:00:00]} 2. Nf3 {[%emt 0:00:00]} d6 {[%emt 0:00:01]} 3. Bb5+ {[%emt 0:00:06]} Nd7 {[%emt 0:00:13]} 4. d4 {[%emt 0:00:24]} cxd4 {[%emt 0:00:53]} 5. Qxd4 {[%emt 0:00:13]} Ngf6 {[%emt 0:12:38]} 6. Bg5 {[%emt 0:09:06]} e6 {[%emt 0:13:19]} 7. Nc3 {[%emt 0:04:59]} Be7 {[%emt 0:14:05]} 8. O-O-O {[%emt 0:02:18]} O-O {[%emt 0:07:57]} 9. Bxd7 {[%emt 0:27:33]} Bxd7 {[%emt 0:00:26]} 10. Bxf6 {[%emt 0:06:34]} gxf6 {[%emt 0:01:21]} 11. Qe3 {[%emt 0:02:30]} Kh8 {[%emt 0:05:28]} 12. Kb1 {[%emt 0:06:35]} b5 {[%emt 0:05:29]} 13. Nd4 {[%emt 0:11:13]} b4 {[%emt 0:03:55]} 14. Nce2 {[%emt 0:00:08]} Rg8 {[%emt 0:03:22]} 15. Ng3 {[%emt 0:02:35]} Rc8 {[%emt 0:02:55]} 16. f4 {[%emt 0:00:49]} Qc7 {[%emt 0:02:24]} 17. Qd2 {[%emt 0:08:49]} a5 {[%emt 0:01:49]} 18. f5 {[%emt 0:00:41]} e5 {[%emt 0:02:36]} 19. Nf3 {[%emt 0:07:30]} a4 {[%emt 0:02:18]} 20. b3 {[%emt 0:02:20]} Qc5 {[%emt 0:09:07]} 21. Ne1 {[%emt 0:00:49]} axb3 {[%emt 0:02:54]} 22. cxb3 {[%emt 0:00:58]} Qb5 {[%emt 0:02:22]} 23. Nc2 {[%emt 0:02:21]} Rc3 {[%emt 0:03:34]} 24. Ne3 {[%emt 0:00:09]} Bc6 {[%emt 0:02:21]} 25. Nd5 {[%emt 0:00:31]} Bxd5 {[%emt 0:00:07]} 26. Qxd5 {[%emt 0:00:07]} Qxd5 {[%emt 0:00:38]} 27. Rxd5 {[%emt 0:00:09]} h5 {[%emt 0:00:34]} 28. Rd2 {[%emt 0:02:33]} h4 {[%emt 0:00:37]} 29. Ne2 {[%emt 0:01:53]} Re3 {[%emt 0:00:28]} 30. Nc1 {[%emt 0:00:26]} Rxe4 {[%emt 0:00:15]} 31. Nd3 {[%emt 0:00:22]} Rd4 {[%emt 0:00:34]} 32. Rhd1 {[%emt 0:00:09]} d5 {[%emt 0:00:47]} 33. Nb2 {[%emt 0:01:05]} Bc5 {[%emt 0:00:24]} 34. Nd3 {[%emt 0:00:32]} Bb6 {[%emt 0:00:29]} 35. Ne1 {[%emt 0:00:11]} Rxd2 {[%emt 0:00:38]} 36. Rxd2 {[%emt 0:00:02]} Bd4 {[%emt 0:00:27]} 37. Nf3 {[%emt 0:00:16]} Bc3 {[%emt 0:00:03]} 38. Rxd5 {[%emt 0:01:09]} Rxg2 {[%emt 0:00:05]} 39. Nxh4 {[%emt 0:00:51]} Rxh2 {[%emt 0:00:50]} 40. Nf3 {[%emt 0:00:00]} Rf2 {[%emt 0:00:00]} 41. Nh4 {[%emt 0:01:37]} Rf4 {[%emt 0:01:02]} 0-1

[Event "23rd Pirc Memorial GM 2020"]
[Site "Maribor"]
[Date "2020.08.11"]
[Round "2.3"]
[White "Subelj, Jan"]
[Black "Marn, Jan"]
[Result "1-0"]
[WhiteElo "2408"]
[BlackElo "2360"]
[Annotator "ChessBase"]
[PlyCount "69"]
[EventDate "2020.08.10"]
[EventType "tourn"]
[EventCountry "SLO"]
[SourceTitle "playchess.com"]
[Source "ChessBase"]
[SourceQuality "1"]
[TimeControl "40/5400+30:1800+30"]

1. e4 {[%emt 0:00:00]} e5 {[%emt 0:00:00]} 2. Nf3 {[%emt 0:00:36]} Nc6 {[%emt 0:00:00]} 3. Bc4 {[%emt 0:00:57]} Bc5 {[%emt 0:00:43]} 4. O-O {[%emt 0:00:29]} Nf6 {[%emt 0:00:11]} 5. d3 {[%emt 0:00:17]} d6 {[%emt 0:02:28]} 6. c3 {[%emt 0:00:44]} h6 {[%emt 0:06:56]} 7. Re1 {[%emt 0:01:04]} O-O {[%emt 0:01:22]} 8. h3 {[%emt 0:00:33]} a6 {[%emt 0:04:04]} 9. Bb3 {[%emt 0:00:38]} Ba7 {[%emt 0:00:56]} 10. Nbd2 {[%emt 0:01:06]} Ne7 {[%emt 0:02:03]} 11. Nf1 {[%emt 0:04:12]} Ng6 {[%emt 0:01:29]} 12. Ng3 {[%emt 0:00:20]} c6 {[%emt 0:01:08]} 13. d4 {[%emt 0:01:56]} Qc7 {[%emt 0:07:43]} 14. Be3 {[%emt 0:01:29]} Be6 {[%emt 0:06:44]} 15. Bxe6 {[%emt 0:02:48]} fxe6 {[%emt 0:02:53]} 16. dxe5 {[%emt 0:00:29]} dxe5 {[%emt 0:16:44]} 17. Qb3 {[%emt 0:02:10]} Rfe8 {[%emt 0:02:20]} 18. Bxa7 {[%emt 0:00:46]} Rxa7 {[%emt 0:00:11]} 19. Rad1 {[%emt 0:00:16]} c5 {[%emt 0:04:45]} 20. a4 {[%emt 0:26:38]} b6 {[%emt 0:16:49]} 21. Qc4 {[%emt 0:06:43]} Qc6 {[%emt 0:01:49]} 22. Rd2 {[%emt 0:11:18]} b5 {[%emt 0:01:07]} 23. Qa2 {[%emt 0:00:15]} Rd7 {[%emt 0:06:11]} 24. Rxd7 {[%emt 0:01:39]} Nxd7 {[%emt 0:01:50]} 25. Rd1 {[%emt 0:01:28]} c4 {[%emt 0:00:28]} 26. axb5 {[%emt 0:00:42]} axb5 {[%emt 0:00:09]} 27. Qa7 {[%emt 0:00:07]} Nf6 {[%emt 0:08:55]} 28. Ra1 {[%emt 0:05:19]} Rd8 {[%emt 0:02:49]} 29. Ra6 {[%emt 0:01:47]} Qd7 {[%emt 0:01:11]} 30. Qb6 {[%emt 0:00:47]} Nf8 {[%emt 0:00:26]} 31. Nxe5 {[%emt 0:01:43]} Qd1+ {[%emt 0:00:06]} 32. Kh2 {[%emt 0:00:02]} Rd2 {[%emt 0:00:43]} 33. Ra8 {[%emt 0:00:10]} Rd6 {[%emt 0:00:33]} 34. Qb8 {[%emt 0:00:17]} N6h7 {[%emt 0:00:05]} 35. Qe8 {[%emt 0:00:26]} 1-0

[Event "23rd Pirc Memorial GM 2020"]
[Site "Maribor"]
[Date "2020.08.11"]
[Round "2.4"]
[White "Mikhalchishin, Adrian"]
[Black "Kozul, Zdenko"]
[Result "1/2-1/2"]
[WhiteElo "2458"]
[BlackElo "2597"]
[Annotator "ChessBase"]
[PlyCount "34"]
[EventDate "2020.08.10"]
[EventType "tourn"]
[EventCountry "SLO"]
[SourceTitle "playchess.com"]
[Source "ChessBase"]
[SourceQuality "1"]
[TimeControl "40/5400+30:1800+30"]

1. c4 {[%emt 0:00:00]} Nf6 {[%emt 0:00:06]} 2. Nf3 {[%emt 0:00:00]} g6 {[%emt 0:00:00]} 3. g3 {[%emt 0:00:00]} Bg7 {[%emt 0:00:00]} 4. Bg2 {[%emt 0:00:00]} O-O {[%emt 0:00:00]} 5. d4 {[%emt 0:00:00]} c6 {[%emt 0:00:00]} 6. Nc3 {[%emt 0:00:00]} d5 {[%emt 0:00:00]} 7. cxd5 {[%emt 0:00:00]} cxd5 {[%emt 0:00:06]} 8. Ne5 {[%emt 0:00:00]} e6 {[%emt 0:00:08]} 9. O-O {[%emt 0:00:00]} Bd7 {[%emt 0:00:05]} 10. f4 {[%emt 0:01:01]} Nc6 {[%emt 0:00:22]} 11. Be3 {[%emt 0:00:10]} Ne8 {[%emt 0:00:10]} 12. Bf2 {[%emt 0:00:38]} Nd6 {[%emt 0:00:08]} 13. e4 {[%emt 0:00:26]} dxe4 {[%emt 0:00:18]} 14. Nxe4 {[%emt 0:00:03]} Nxe4 {[%emt 0:00:06]} 15. Bxe4 {[%emt 0:00:05]} Ne7 {[%emt 0:00:11]} 16. Qb3 {[%emt 0:00:47]} Bc6 {[%emt 0:00:15]} 17. Qf3 {[%emt 1:35:20]} Bd7 {[%emt 1:36:35]} 1/2-1/2

[Event "23rd Pirc Memorial GM 2020"]
[Site "Maribor"]
[Date "2020.08.11"]
[Round "2.5"]
[White "Bratkovic, Sham"]
[Black "Lampert, Jonas"]
[Result "0-1"]
[WhiteElo "2236"]
[BlackElo "2531"]
[Annotator "TA"]
[PlyCount "118"]
[EventDate "2020.08.10"]
[EventType "tourn"]
[EventCountry "SLO"]
[SourceTitle "playchess.com"]
[Source "ChessBase"]
[SourceQuality "1"]

{[%evp 12,118,19,22,17,21,19,-10,-5,-30,-37,-43,-45,-59,-54,-50,-41,-44,-47,-41,-37,-43,-39,-57,-29,-54,-24,-97,-91,-104,-106,-95,-92,-104,-103,-101,-91,-95,-37,-36,-21,-27,-28,-57,-25,-39,-39,-26,-27,-51,-7,-77,-77,-127,-127,-127,-127,-217,-217,-192,-182,-174,-179,-213,-178,-299,-302,-322,-341,-379,-373,-567,-532,-438,-270,-629,-629,-615,-599,-546,-359,-1527,-939,-760,-669,-6721,-6601,-6203,-5800,-2342,-1654,-29972,-29972,-29972,-29973,-29975,-29976,-29979,-29980,-29980,-29981,-29981,-29982,-29982,-29983,-29983,-29984,-29985,-29986]} 1. d4 d5 2. c4 e6 3. Nc3 Bb4 4. e3 Nf6 5. Nf3 O-O 6. Bd3 dxc4 $1 {[%mdl 4] is currently scoring better than 6...c5.} 7. Bxc4 b6 {E51: Nimzo-Indian: Rubinstein: 4...0-0 5 Nf3 d5.} 8. O-O Bb7 9. Ne5 c5 {The position is equal.} 10. Ne2 cxd4 11. exd4 {[#]} Nc6 $146 ({Predecessor:} 11... Be7 12. Nf4 Nc6 13. Nxf7 Rxf7 14. Nxe6 Qd7 15. Ng5 Nd8 16. Re1 Nd5 17. Nxf7 Nxf7 {0-1 (27) Ouadi,W (2052)-Acher,M (2323) France 2004}) 12. Nxc6 Bxc6 13. Bg5 Rc8 {White must now prevent ...Bxg2!} 14. Qb3 Be7 15. Ba6 Rc7 16. Rac1 Nd5 17. Bxe7 Qxe7 18. Qg3 Ba8 19. Nf4 (19. a3 $11 {remains equal.}) 19... Rxc1 $17 20. Rxc1 Nxf4 21. Qxf4 Qb4 $1 22. h3 Qxb2 23. a4 Qa2 24. Bb5 {[#]} Qd5 (24... a6 $1 $17 {[%mdl 512]} 25. Bxa6 Qxa4) 25. f3 $15 h6 26. Rc7 a5 27. Bc4 Qg5 (27... Qh5 {is more complex.} 28. Bd3 Bd5 29. Kf1 Bb3 30. Qd6 Qd5) 28. Qxg5 hxg5 $11 {[%mdl 4096] Endgame KRB-KRB} 29. Kf2 Rd8 30. Ke3 g6 31. Bb5 (31. Kd3 $1 $11) 31... Kg7 $17 {White is on the road to losing.} 32. Bc6 Bxc6 $1 33. Rxc6 {KR-KR} Rb8 34. Rc7 {[#]} (34. f4 $17 {keeps fighting.}) 34... b5 $1 $19 35. axb5 Rxb5 36. Ra7 {[#]} Rb3+ $1 37. Ke4 Ra3 38. d5 (38. f4 $142) 38... exd5+ 39. Kxd5 Ra2 40. g4 a4 41. Ke4 (41. Ra5 $142 Ra1 42. Kc4) 41... a3 42. Ke3 Kf6 43. Ra5 $2 (43. Ra6+ Kg7 44. Kd3) 43... Ra1 44. Kf2 Ke6 45. Kg2 f5 46. Kh2 $2 (46. gxf5+ gxf5 47. Ra6+ Ke5 48. Ra4) 46... Ra2+ 47. Kg1 f4 48. Kh1 Kd6 49. Kg1 Kc6 50. Kf1 Kb6 51. Rxg5 Rb2 {Black mates.} 52. Rxg6+ Kc5 53. Ra6 a2 54. h4 Rb1+ 55. Kg2 a1=Q 56. Rxa1 Rxa1 57. h5 Kd5 58. h6 Ke6 59. h7 Ra8 {Accuracy: White = 50%, Black = 88%.} 0-1

[Event "23rd Pirc Memorial GM 2020"]
[Site "Maribor"]
[Date "2020.08.12"]
[Round "3.1"]
[White "Lampert, Jonas"]
[Black "Mohr, Georg"]
[Result "1-0"]
[WhiteElo "2531"]
[BlackElo "2434"]
[Annotator "ChessBase"]
[PlyCount "71"]
[EventDate "2020.08.10"]
[EventType "tourn"]
[EventCountry "SLO"]
[SourceTitle "playchess.com"]
[Source "ChessBase"]
[SourceQuality "1"]
[TimeControl "40/5400+30:1800+30"]

1. d4 {[%emt 0:00:00]} Nf6 {[%emt 0:01:08]} 2. c4 {[%emt 0:00:00]} g6 {[%emt 0:02:33]} 3. Nc3 {[%emt 0:00:00]} Bg7 {[%emt 0:00:14]} 4. e4 {[%emt 0:00:00]} d6 {[%emt 0:00:03]} 5. Be2 {[%emt 0:00:00]} O-O {[%emt 0:00:05]} 6. Be3 {[%emt 0:00:01]} c6 {[%emt 0:00:45]} 7. Nf3 {[%emt 0:02:10]} e5 {[%emt 0:00:22]} 8. d5 {[%emt 0:00:14]} Ng4 {[%emt 0:00:09]} 9. Bg5 {[%emt 0:00:54]} f6 {[%emt 0:00:06]} 10. Bh4 {[%emt 0:00:28]} c5 {[%emt 0:00:11]} 11. Nd2 {[%emt 0:07:43]} h5 {[%emt 0:00:13]} 12. Nf1 {[%emt 0:09:43]} Nh6 {[%emt 0:04:04]} 13. f3 {[%emt 0:00:19]} Nf7 {[%emt 0:03:37]} 14. Qc2 {[%emt 0:04:03]} Bh6 {[%emt 0:02:17]} 15. Bf2 {[%emt 0:24:45]} Kg7 {[%emt 0:07:52]} 16. Ne3 {[%emt 0:02:39]} h4 {[%emt 0:08:43]} 17. Bd3 {[%emt 0:06:08]} Ng5 {[%emt 0:20:03]} 18. Ke2 {[%emt 0:03:13]} h3 {[%emt 0:05:08]} 19. g3 {[%emt 0:00:41]} Na6 {[%emt 0:01:20]} 20. a3 {[%emt 0:01:03]} f5 {[%emt 0:08:15]} 21. exf5 {[%emt 0:15:50]} gxf5 {[%emt 0:02:07]} 22. Nxf5+ {[%emt 0:02:25]} Bxf5 {[%emt 0:00:27]} 23. Bxf5 {[%emt 0:00:01]} Nxf3 {[%emt 0:00:15]} 24. g4 {[%emt 0:08:13]} Nd4+ {[%emt 0:32:03]} 25. Bxd4 {[%emt 0:02:44]} cxd4 {[%emt 0:00:00]} 26. Ne4 {[%emt 0:00:02]} Nc5 {[%emt 0:00:00]} 27. Nxc5 {[%emt 0:00:22]} dxc5 {[%emt 0:00:00]} 28. g5 {[%emt 0:00:57]} Bxg5 {[%emt 0:00:00]} 29. Rhg1 {[%emt 0:00:20]} Kh8 {[%emt 0:00:00]} 30. Raf1 {[%emt 0:00:17]} Bh6 {[%emt 0:00:00]} 31. Qe4 {[%emt 0:03:27]} Qd6 {[%emt 0:00:00]} 32. Rg6 {[%emt 0:01:19]} Rf6 {[%emt 0:00:00]} 33. Be6 {[%emt 0:00:49]} d3+ {[%emt 0:00:00]} 34. Qxd3 {[%emt 0:03:08]} e4 {[%emt 0:00:00]} 35. Rxh6+ {[%emt 0:00:48]} Kg7 {[%emt 0:00:00]} 36. Rg1+ {[%emt 0:00:33]} 1-0